000 00253nam a22001097a 4500
040 _cHS
082 _a338
100 _aនុត សាឡន
245 _aស្ថិតិវិទ្យា
260 _aRUA
_bនុត សាឡន
_c2010
942 _cKB
999 _c9356
_d9356